Mentalni sklop promeni okvir i sagledaj budućnost
Gespeichert in:
| 1. Verfasser: | |
|---|---|
| Format: | Buch |
| Sprache: | Serbisch |
| Veröffentlicht: |
Beograd
Megatrend univerzitet
2009
|
| Schlagworte: | |
| Tags: |
Keine Tags, Fügen Sie das erste Tag hinzu!
|
MARC
| LEADER | 00000nam a2200000 4500 | ||
|---|---|---|---|
| 001 | 0126585 | ||
| 005 | 20250711114109.8 | ||
| 020 | |a 978-86-7747-362-4 | ||
| 041 | 0 | |a srp | |
| 044 | |a RS | ||
| 245 | 1 | 0 | |a Mentalni sklop |b promeni okvir i sagledaj budućnost |c Džon Nesbit |
| 264 | 1 | |a Beograd |b Megatrend univerzitet |c 2009 | |
| 300 | |a 269 s. | ||
| 610 | 2 | 0 | |a štýl životný |
| 610 | 2 | 0 | |a psychológia |
| 610 | 2 | 0 | |a vzťahy spoločenské |
| 100 | 1 | |a Naisbitt, John | |